Platební karty. Velká encyklopedie 1870 - 2006

Salvato in:
Dettagli Bibliografici
Autore principale: Juřík, Pavel (Autore)
Natura: Libro
Lingua:ceco
Pubblicazione: Praha : Grada Publishing, 2006
Soggetti:
Tags: Aggiungi Tag
Nessun Tag, puoi essere il primo ad aggiungerne!!

MARC

LEADER 00000nam a22000003a 4500
001 stu128547
005 20190206132433.0
008 061024s2006----xr------------------cze-d
020 |a 80-247-1381-0 
040 |a STU  |b slo 
041 0 |a cze 
044 |a xr 
080 |a 336.7 
080 |a 004.08 
080 |a (031) 
100 1 |a Juřík, Pavel  |4 aut 
245 1 |a Platební karty. Velká encyklopedie 1870 - 2006 
260 |a Praha :  |b Grada Publishing,  |c 2006 
300 |a 296 s 
650 7 |a platobný styk  |2 stusub 
650 7 |a pamäťové médiá  |2 stusub 
650 7 |a encyklopédie  |2 stusub 
996 |b 284EK86442  |c E*86442  |l EE0101  |s P  |a 0  |w stu128547_0001